Festival di Sanremo 2026 - Artisti - Statistics

Statistiche generali
  • Questo quiz è stato fatto 231 volte
  • Il punteggio medio è 22 su 30
Statistiche sulle risposte
Canzone Artista % Corretto
Magica favola Arisa
94%
Male necessario Fedez e Masini
89%
Poesie clandestine LDA e AKA 7even
86%
Italia Starter Pack J-Ax
85%
Ai ai Dargen D'Amico
83%
Voilà Elettra Lamborghini
82%
Opera Patty Pravo
82%
Che fastidio! Ditonellapiaga
80%
Stella stellina Ermal Meta
80%
Tu mi piaci tanto Sayf
80%
Resta con me Bambole di pezza
78%
Per sempre sì Sal Da Vinci
77%
Stupida sfortuna Fulminacci
75%
Uomo che cade Tredici Pietro
75%
I romantici Tommaso Paradiso
73%
Animali notturni Malika Ayane
72%
Qui con me Serena Brancale
72%
Il meglio di me Francesco Renga
70%
Ossessione Samurai Jay
70%
Avvoltoi Eddie Brock
68%
Prima che Nayt
68%
Labirinto Luchè
65%
Naturale Leo Gassmann
64%
Ora e per sempre Raf
61%
Ogni volta che non so volare Enrico Nigiotti
56%
Prima o poi Michele Bravi
56%
Le cose che non sai di me Mara Sattei
55%
Ti penso sempre Chiello
53%
Sei tu Levante
53%
La felicità e basta Maria Antonietta e Colombre
52%
Nessun quiz corrispondente trovato
Distribuzione punteggi
Percentuale di utenti per punteggio
Percentile per numero di risposta
I tuoi punteggi nel tempo
Non hai fatto questo quiz